MLB Teams - Alphabetical Order - Statistics

General Stats
  • This quiz has been taken 29 times
  • The average score is 27 of 30
Answer Stats
State/City Team Name % Correct
Atlanta Braves
100%
Arizona Diamondbacks
100%
Boston Red Sox
96%
Houston Astros
92%
Chicago Cubs
92%
Los Angeles Dodgers
92%
New York Mets
92%
San Diego Padres
92%
Philadelphia Phillies
92%
Pittsburgh Pirates
92%
Cincinnati Reds
92%
Colorado Rockies
92%
Kansas City Royals
92%
Detroit Tigers
92%
Minnesota Twins
92%
Chicago White Sox
92%
Los Angeles Angels
88%
Oakland Athletics
88%
Milwaukee Brewers
88%
St. Louis Cardinals
88%
San Fransisco Giants
88%
Cleveland Indians
88%
Seattle Mariners
88%
Miami Marlins
88%
Baltimore Orioles
88%
New York Yankees
88%
Toronto Blue Jays
84%
Texas Rangers
84%
Tampa Bay Rays
84%
Washington Nationals
80%
No matching quizzes found
Score Distribution
Percent of People with Each Score
Percentile by Number Answered
Your Score History
You have not taken this quiz